00401nam a2200121Ia 4500008004100000040001600041041001200057082001800069100001900087245013300106260002900239300001100268230917s9999||||xx |||||||||||||| ||und|| e65775aMAIN aEnglish a891.2109 S23R aSwaroop, Sarda 4aThe role of Dhvani in sanskrit poetics: athesis submitted to the Banaras Hindi University for the degree of Doctor of philosophy aMoradabadbOmkar Swaroop a333 p.